الكودات العربية الموحدة لتصميم وتنفيذ المباني. (Record no. 28971)
[ view plain ]
| 000 -الفاتح | |
|---|---|
| حقل البيانات ثابتة الطول | 01535nam a22002895i 4500 |
| 003 - محدد رقم الضبط | |
| رقم الضبط | EG-ScBUE |
| 005 - وقت وتاريخ اخر تعامل مع التسجيلة | |
| رقم الضبط | 20201020130335.0 |
| 008 - عناصر البيانات ثابتة الطول - معلومات عامة | |
| حقل البيانات ثابتة الطول | 200219q2004 ua a f 000 0 ara d |
| 040 ## - مصدر الفهرسة | |
| وكالة الفهرسة الأصلية | EG-ScBUE |
| لغة الفهرسة | ara |
| قواعد الوصف | rda |
| وكالة النسخ | EG-ScBUE |
| وكالة التعديل | EG-ScBUE |
| 043 ## - رمز المنطقة الجغرافية | |
| رمز المنطقة الجغرافية | ma----- |
| 082 04 - رقم تصنيف ديوى العشرى | |
| رقم التصنيف | 693.956 |
| رقم المادة | ك و د |
| رقم الطبعة | 22 |
| 110 2# - المدخل الرئيسى - إسم هيئة | |
| اسم الهيئة أو اسم السلطة كمدخل | جامعة الدول العربية. |
| وحده ملحقة | مجلس وزراء الإسكان والتعمير العرب |
| 245 12 - بيان العنوان | |
| العنوان | الكودات العربية الموحدة لتصميم وتنفيذ المباني. |
| اسم جزء/قسم العمل | كودة أعمال المباني. |
| -- | الجدران الحاملة وغير الحاملة والعقود والقباب والأقبية / |
| بيان المسئوليه,etc | مجلس وزراء الإسكان والتعمير العرب. |
| 264 #1 - النشر، التوزيع | |
| مكان الناشر او الموزع | [القاهرة] : |
| اسم الناشر او الموزع | جامعة الدول العربية، مجلس وزراء الإسكان والتعمير العرب، |
| تاريخ النشر أو التوزيع | [2004] |
| 300 ## - الوصف المادى | |
| التعداد | 374 صفحة : |
| تفاصيل ماديه اخرى للوعاء | إيضاحيات ؛ |
| أبعاد الوعاء | 28 سم |
| 336 ## - نوع المحتوى | |
| Carrier Type Term | نص |
| Content Type Code | txt |
| source | rdacontent |
| 337 ## - نوع الوسيط | |
| Media Type Term | بدون وسيط |
| Media Type Code | n |
| source | rdamedia |
| 338 ## - نوع الحامل أو الناقل | |
| Carrier Type Term | مجلد |
| Carrier Type Code | nc |
| source | rdacarrier |
| 650 #7 - المدخل الاضافى بالموضوع-مصطلح موضوعى | |
| مصطلح موضوعي أو اسم جغرافي كعنصر مدخل | المباني |
| التقسيم الفرعي العام | مواصفات قياسية |
| التقسيم الفرعي الجغرافي | البلاد العربية. |
| مصدر الرأس أو المصطلح | BUEsh |
| 650 #7 - المدخل الاضافى بالموضوع-مصطلح موضوعى | |
| مصطلح موضوعي أو اسم جغرافي كعنصر مدخل | تصميم المباني |
| التقسيم الفرعي الجغرافي | البلاد العربية. |
| مصدر الرأس أو المصطلح | BUEsh |
| 9 (RLIN) | 8106 |
| 650 #7 - المدخل الاضافى بالموضوع-مصطلح موضوعى | |
| مصطلح موضوعي أو اسم جغرافي كعنصر مدخل | الهندسة الإنشائية |
| التقسيم الفرعي الجغرافي | البلاد العربية. |
| مصدر الرأس أو المصطلح | BUEsh |
| 651 ## - المدخل الاضافى بالموضوع - اسم جغرافى | |
| مصدر الرأس أو المصطلح | BUEsh |
| 653 ## - مصطلح تكشيفى غير مقيد | |
| مصطلح غير مقيد | الجدران الحاملة وغير الحاملة |
| Resource For college | Engineering, Architecture |
| Arrived date list | October2020 |
| 653 ## - مصطلح تكشيفى غير مقيد | |
| مصطلح غير مقيد | العقود |
| 653 ## - مصطلح تكشيفى غير مقيد | |
| مصطلح غير مقيد | القباب والأقبية |
| Resource For college | Engineering, Architecture |
| Arrived date list | October2020 |
| 942 ## - عناصر المدخل الإضافي( كوها) | |
| مصدر التصنيف او مخطط الترفيف | Dewey Decimal Classification |
| حالة التراجع | حالة الفقد | مصدر التصنيف او خطة الترفيف | حالة تلف | ليس للاعارة | مجموعات كوها | المكان الدائم | المكان الحالي | موقع الترفيف | تاريخ الاكتساب | Source of acquisition | رقم الاستدعاء | الباركود | Date last seen | نوع الوعاء |
|---|---|---|---|---|---|---|---|---|---|---|---|---|---|---|
| Dewey Decimal Classification | unknown | Central Library | Central Library | First floor | 20/10/2020 | Purchase | 693.956 ك و د | 000049883 | 15/07/2025 | NB - Book (Non borrowing) | ||||
| Dewey Decimal Classification | unknown | Central Library | Central Library | First floor | 20/10/2020 | Purchase | 693.956 ك و د | 000049882 | 15/07/2025 | NB - Book (Non borrowing) | ||||
| Dewey Decimal Classification | unknown | Central Library | Central Library | First floor | 20/10/2020 | Purchase | 693.956 ك و د | 000049881 | 15/07/2025 | NB - Book (Non borrowing) | ||||
| Dewey Decimal Classification | unknown | Central Library | Central Library | First floor | 20/10/2020 | Purchase | 693.956 ك و د | 000049880 | 15/07/2025 | NB - Book (Non borrowing) | ||||
| Dewey Decimal Classification | unknown | Central Library | Central Library | First floor | 20/10/2020 | Purchase | 693.956 ك و د | 000049879 | 15/07/2025 | NB - Book (Non borrowing) |